UM Logo

College algebra: (Record no. 1630)

MARC details
000 -LEADER
fixed length control field 00561nam a2200169 4500
008 - FIXED-LENGTH DATA ELEMENTS--GENERAL INFORMATION
fixed length control field 160409b xxu||||| |||| 00| 0 eng d
020 ## - INTERNATIONAL STANDARD BOOK NUMBER
International Standard Book Number 9789715132756
082 ## - DEWEY DECIMAL CLASSIFICATION NUMBER
Edition number 2009
Classification number DFil 512.9
Item number C14
100 ## - MAIN ENTRY--PERSONAL NAME
9 (RLIN) 5097
Personal name Calano, Roel B.
245 ## - TITLE STATEMENT
Title College algebra:
Remainder of title mathematics for the health professions: tex/workbook/
Statement of responsibility, etc. Roel B. Calano.
250 ## - EDITION STATEMENT
Edition statement First Edition
260 ## - PUBLICATION, DISTRIBUTION, ETC. (IMPRINT)
Place of publication, distribution, etc. Ermita, Manila:
Name of publisher, distributor, etc. Educational Publishing House,
Date of publication, distribution, etc. c2009.
300 ## - PHYSICAL DESCRIPTION
Extent xviii, 387 pages:
Other physical details illustrations;
Dimensions 25 cm.
650 #0 - SUBJECT ADDED ENTRY--TOPICAL TERM
9 (RLIN) 5098
Topical term or geographic name as entry element Algebra
365 ## - TRADE PRICE
Price amount 570.00
Currency code Php
942 ## - ADDED ENTRY ELEMENTS (KOHA)
Source of classification or shelving scheme Dewey Decimal Classification
Koha item type Filipiniana
Holdings
Withdrawn status Lost status Source of classification or shelving scheme Damaged status Not for loan Collection code Home library Current library Date acquired Source of acquisition Total Checkouts Full call number Barcode Date last seen Date last checked out Copy number Price effective from Koha item type
    Dewey Decimal Classification     Filipiniana UM Digos College - LIC UM Digos College - LIC 09/24/2010 Purchased 1 DFil 512.9 C14 2009 21188 05/15/2025 07/26/2017 1 04/09/2016 Filipiniana